000 00312nam a22001457a 4500
008 210224b ||||| |||| 00| 0 eng d
020 _a9780865712744
041 _aeng
080 _a32
082 _a32
100 _a19
101 _aSHP
245 _aDemocracy in small groups
_cGastil, J
942 _2udc
_cBK
999 _c55128
_d55128